Mehemet Ali, le fondateur de l'Egypte moderne / (رقم التسجيلة. 131924)

تفاصيل مارك
000 -LEADER
fixed length control field 00911cam a2200289 a 4500
008 - FIXED-LENGTH DATA ELEMENTS--GENERAL INFORMATION
fixed length control field 960725s1996 fr b b 000 0 fre
010 ## - LIBRARY OF CONGRESS CONTROL NUMBER
LC control number 96173370
020 ## - INTERNATIONAL STANDARD BOOK NUMBER
International Standard Book Number 2738440649
040 ## - CATALOGING SOURCE
Original cataloging agency DLC
Transcribing agency DLC
Modifying agency DLC
043 ## - GEOGRAPHIC AREA CODE
Geographic area code f-ua---
050 00 - LIBRARY OF CONGRESS CALL NUMBER
Classification number DT104
Item number .F37 1996
082 00 - DEWEY DECIMAL CLASSIFICATION NUMBER
Classification number 962.03/092
-- B
Edition number 20
092 04 - LOCALLY ASSIGNED DEWEY CALL NUMBER (OCLC)
Classification number 962.03092
Item number F223
Edition number 21
099 ## - LOCAL FREE-TEXT CALL NUMBER (OCLC)
Classification number 04
-- 962.03092 F223
100 1# - MAIN ENTRY--PERSONAL NAME
Personal name Fargette, Guy.
245 10 - TITLE STATEMENT
Title Mehemet Ali, le fondateur de l'Egypte moderne /
Statement of responsibility, etc. Guy Fargette.
260 ## - PUBLICATION, DISTRIBUTION, ETC.
Place of publication, distribution, etc. Paris :
Name of publisher, distributor, etc. Harmattan,
Date of publication, distribution, etc. c1996.
300 ## - PHYSICAL DESCRIPTION
Extent 231, [1] p. :
Other physical details map ;
Dimensions 22 cm..
504 ## - BIBLIOGRAPHY, ETC. NOTE
Bibliography, etc. note Includes bibliographical references (p. 229-[232]).
600 00 - SUBJECT ADDED ENTRY--PERSONAL NAME
Personal name Muٍhammad ʻAlهi Basha,
Titles and other words associated with a name Governor of Egypt,
Dates associated with a name 1769-1849.
651 #0 - SUBJECT ADDED ENTRY--GEOGRAPHIC NAME
Geographic name Egypt
General subdivision History
Chronological subdivision Mohammed Ali, 1805-1849.
902 ## - LOCAL DATA ELEMENT B, LDB (RLIN)
No. of Items 1
905 ## - LOCAL DATA ELEMENT E, LDE (RLIN)
Cataloger Jamal
Reviser Rev.
905 ## - LOCAL DATA ELEMENT E, LDE (RLIN)
Cataloger Jihan
Reviser Cat.
942 ## - ADDED ENTRY ELEMENTS (KOHA)
Source of classification or shelving scheme Dewey Decimal Classification
Koha item type Books
المقتنيات
Source of classification or shelving scheme Not for loan Home library Current library Date acquired Full call number Barcode Date last seen Copy number Koha item type
Dewey Decimal Classification   المكتبة المركزبة الجديدة - جامعة القاهرة قاعة الثقاقات الاجنبية - الدور الثالث 11.02.2024 962.03092 F223 Fre. 01000110197543000 05.07.2024 C.1 Books
Cairo University Libraries Portal Implemented & Customized by: Eng. M. Mohamady Contacts: new-lib@cl.cu.edu.eg | cnul@cl.cu.edu.eg
CUCL logo CNUL logo
© All rights reserved — Cairo University Libraries
CUCL logo
Implemented & Customized by: Eng. M. Mohamady Contact: new-lib@cl.cu.edu.eg © All rights reserved — New Central Library
CNUL logo
Implemented & Customized by: Eng. M. Mohamady Contact: cnul@cl.cu.edu.eg © All rights reserved — Cairo National University Library